Euthanasia - Will Wood Lyrics - Statistics

General Stats
  • This quiz has been taken 10 times
  • The average score is 226 of 255
Answer Stats
Lyrics % Correct
a
100%
all,
100%
all
100%
and
100%
And
100%
and,
100%
at
100%
be
100%
believe
100%
better
100%
beyond
100%
bring
100%
But
100%
can
100%
can't
100%
cared
100%
'cause
100%
fought
100%
gas
100%
Gasping
100%
gone,
100%
gone
100%
grave,
100%
hear
100%
home
100%
hope
100%
I
100%
I'm
100%
in
100%
Is
100%
is
100%
it
100%
it's
100%
"It's
100%
just
100%
know
100%
know,
100%
love
100%
mask,
100%
me
100%
memory
100%
more
100%
nail
100%
no
100%
not
100%
place
100%
rainbow,
100%
remember
100%
right
100%
Say
100%
say
100%
scared,
100%
still
100%
talk?
100%
that
100%
That
100%
the
100%
Then
100%
there,
100%
there
100%
there's
100%
There's
100%
'til
100%
to
100%
too
100%
tooth
100%
waits
100%
was
100%
we
100%
when
100%
while
100%
whom
100%
why
100%
wrong
100%
you
100%
you,
100%
you!
100%
you'll
100%
you're
100%
as
75%
call
75%
choose,
75%
choose
75%
cloud
75%
could."
75%
disappeared
75%
dreams
75%
far
75%
from
75%
ground
75%
inside
75%
"It'll
75%
long
75%
meet
75%
now
75%
Now,
75%
okay,"
75%
or
75%
Over
75%
over
75%
proof
75%
put
75%
Roots
75%
Said,
75%
sleep
75%
soon."
75%
sweet
75%
true
75%
uploaded
75%
want,
75%
want
75%
Well,
75%
we'll
75%
after
50%
back
50%
bad
50%
by
50%
dies
50%
electrons
50%
every,
50%
everybody
50%
Fighting
50%
for
50%
goodnight,
50%
happen
50%
head,
50%
hearts
50%
"Hello",
50%
I'd
50%
if
50%
let
50%
lives,
50%
never
50%
one
50%
our
50%
"Sorry,
50%
stop
50%
survive
50%
take
50%
their
50%
thing
50%
thrashing
50%
trying
50%
Warm
50%
would
50%
nowhere
25%
oh,
25%
oh!
25%
No matching quizzes found
Score Distribution
Percent of People with Each Score
Percentile by Number Answered
Your Score History
You have not taken this quiz